00935nam a2200241 a 4500001001000000003001100010005001700021008004100038040000800079084001500087100003200102245012800134260006100262300002700323500002400350500011800374650001700492700002900509902000800538942001100546999001500557952012100572BRCA_8642FranzMayer20230724143421.0041017s--------it-#######---#000-0#lat-# cMFM aBE35b.G731 aGranatensi, Lvdovico92157010aEcclesiastica Rhetoricae sive de ratione concionandicavctore R.P.M.F. Lvdovico Granatensi; cvrante Ioh. Baptista Munnozio. aValentiae hedetanorvmbin oficina vidvae Iosephi de Orga a516 p.c20.5 x 15.5 cm aSvperiorvm permissv aEstado físico: presenta encuadernación en pergamino con presencia del pez de plata, cantos decorados y cintas14aRetorica9871 aBaptista Mvnnozio921571 aCFM 2lcccB c8302d8302 00102lcc40708CFMaBRCAbBRCAd2016-09-23eDonaciónl0oBE35 .G73pCFM00032r2019-03-22 00:00:00w2019-03-22yB